000 00362nam a22001577a 4500
003 MPLRDC
005 20220104142605.0
008 210129b ||||| |||| 00| 0 eng d
082 _a544.31 YHZ
100 _a于海洲
245 _a成家立业
_c
260 _a
_b海洲出版社
_c1972
300 _b
650 _a婚姻指导
942 _cBK
_o544.31 YHZ
999 _c32113
_d32103